Eighth Route Pokémon - Statistics

General Stats
  • This quiz has been taken 21 times
    18 since last reset
  • The average score is 124 of 179
Answer Stats
Route Game Type Pokémon % Correct
8 SM Dark/Normal Alola Rattata
100%
8 Y Normal Rattata
100%
8 Y Psychic Abra
89%
8 USUM(Ally) Dark/Normal Alola Raticate
89%
8 LGP Fire Arcanine
89%
36 S Bug/Poison Beedrill
89%
36 C Grass/Poison Bellsprout
89%
208 DPP Normal/Water Bibarel
89%
36 G Bug/Flying Butterfree
89%
36 G Bug Caterpie
89%
8 R Poison Ekans
89%
108 OrAs Water/Ghost Frillish
89%
36 C Ghost/Poison Gastly
89%
8 R Fire Growlithe
89%
36 GC Fire Growlithe
89%
8 GSC Ghost/Poison Haunter
89%
8 SwSh Ghost/Poison Haunter
89%
8 HGSS Normal/Flying Hoothoot
89%
36 GSC Normal/Flying Hoothoot
89%
8 XY Dark/Psychic Inkay
89%
8 Y Normal/Fairy Jigglypuff
89%
8 Y Psychic Kadabra
89%
36 S Bug/Poison Kakuna
89%
36 C Bug/Flying Ledyba
89%
208 DP Fighting Machop
89%
8 R Fighting Mankey
89%
8 B Normal Meowth
89%
36 G Bug Metapod
89%
8 LGE Fire Ninetales
89%
8 GSC Normal/Flying Noctowl
89%
8 BW Water/Ground Palpitoad
89%
108 RSE Water/Flying Pelipper
89%
8 LGPE Normal/Flying Pidgeot
89%
8 Y Normal/Flying Pidgeotto
89%
208 Pt Psychic/Fairy Ralts
89%
108 OrAs Poison/Water Skrelp
89%
8 Y Poison/Water Skrelp
89%
8 C Fairy Snubbull
89%
36 GSC Rock Sudowoodo
89%
108 RSE Water/Poison Tentacool
89%
8 XY Water/Poison Tentacool
89%
8 SM Water/Poison Tentacool
89%
8 B Fire Vulpix
89%
36 S Fire Vulpix
89%
36 S Bug/Poison Weedle
89%
108 RSE Water/Flying Wingull
89%
8 XY Water/Flying Wingull
89%
8 SM Water/Flying Wingull
89%
36 C Bug/Poison Ariados
78%
8 LGPE Ice/Flying Articuno
78%
8 XY Dragon Bagon
78%
208 DP Water/Ground Barboach
78%
8 BW Water/Ground Barboach
78%
208 DPP Normal Bidoof
78%
8 XY Rock/Water Binacle
78%
208 Pt Grass/Poison Budew
78%
8 LGPE Fire/Flying Charizard
78%
108 OrAs Water Clauncher
78%
8 X Water Clauncher
78%
8 HGSS Bug/Flying Combee
78%
8 SwSh Bug/Rock Crustle
78%
8 Y Poison/Dragon Dragalge
78%
8 LGPE Dragon/Flying Dragonite
78%
8 XY Ghost/Flying Drifloon
78%
8 XY Bug/Rock Dwebble
78%
36 GSC Grass/Psychic Exeggcute
78%
8 SM Fire/Flying Fletchinder
78%
208 Pt Water Goldeen
78%
8 SwSh Ground/Ghost Golett
78%
208 DPP Water/Flying Gyarados
78%
8 SM Water/Flying Gyarados
78%
108 RSE Water Magikarp
78%
208 DPP Water Magikarp
78%
8 SM Water Magikarp
78%
208 DP Fighting/Psychic Meditite
78%
8 HGSS (Sound) Electric Minun
78%
36 HGSS(Sound) Electric Minun
78%
8 LGPE Fire/Flying Moltres
78%
36 GS Poison Nidoran
78%
36 GS Poison Nidoran
78%
8 SwSh Dark/Steel Pawniard
78%
8 RBY Normal/Flying Pidgey
78%
36 GSC Normal/Flying Pidgey
78%
8 HGSS Bug Pineco
78%
36 GSC Bug Pineco
78%
8 HGSS (Sound) Electric Plusle
78%
36 HGSS(Sound) Electric Plusle
78%
208 Pt Grass/Poison Roselia
78%
8 B Ground Sandshrew
78%
208 Pt Water Seaking
78%
8 BW Water/Ground Seismitoad
78%
8 BW Bug Shelmet
78%
8 HGSS (Sound) Electric Shinx
78%
36 HGSS(Sound) Electric Shinx
78%
208 DP Water/Ground Whiscash
78%
8 BW Water/Ground Whiscash
78%
8 LGPE Electric/Flying Zapdos
78%
208 DPP Poison/Flying Zubat
78%
8 XY Dark Absol
67%
8 USUM(Trade) Poison Arbok
67%
8 X Water Clawitzer
67%
8 Y Water/Ice Cloyster
67%
8 BW(Swarm) Poison/Fighting Croagunk
67%
8 SwSh Ice/Flying Delibird
67%
8 SwSh Fighting Falinks
67%
8 BW2 Bug Karrablast
67%
8 Sh Rock/Psychic Lunatone
67%
8 SM(Ally) Normal/Flying Pikipek
67%
8 SwSh Normal/Flying Rufflet
67%
8 SM Poison/Fire Salandit
67%
8 Y Water Shellder
67%
8 SwSh Dark/Ice Sneasel
67%
8 SwSh Ice/Bug Snom
67%
8 SwSh Grass/Ice Snover
67%
8 Sw Rock/Psychic Solrock
67%
8 BW Ground/Electric Stunfisk
67%
208 DP(Radar) Fighting Tyrogue
67%
8 SwSh Dark/Flying Vullaby
67%
108 RSE Water Wailmer
67%
8 XY Water Wailmer
67%
8 USUM(Fossil) Rock/Ice Amaura
56%
8 USUM(Fossil) Rock/Bug Anorith
56%
8 SM(Fossil) Rock/Flying Archen
56%
8 SwSh Steel/Psychic Bronzong
56%
8 LGPE Normal Chansey
56%
8 SM Water/Electric Chinchou
56%
8 USUM(IslScan) Fire/Fighting Combusken
56%
8 SM(Fossil) Rock Cranidos
56%
8 USUM Normal/Flying Fletchling
56%
8 USUM(Fossil) Rock/Water Kabuto
56%
108 OrAs Water Krabby
56%
8 USUM(Fossil) Rock/Grass Lileep
56%
8 USUM Water/Flying Mantyke
56%
8 USUM(Fossil) Rock/Water Omanyte
56%
8 BW2(Swarm) Water/Ground Quagsire
56%
208 DPP(Slot) Poison Seviper
56%
8 Y Poison Seviper
56%
8 SM(Fossil) Rock/Steel Shieldon
56%
36 GS Normal Stantler
56%
8 X Water/Psychic Starmie
56%
8 SM Normal/Fighting Stufful
56%
8 SM(Fossil) Water/Rock Tirtouga
56%
8 SwSh Electric/Steel Togedemaru
56%
8 SM Normal/Flying Trumbeak
56%
8 USUM(Fossil) Rock/Dragon Tyrunt
56%
8 SM Bug/Water Wimpod
56%
8 SM Water Wishiwashi
56%
208 DPP(Slot) Normal Zangoose
56%
8 X Normal Zangoose
56%
8 SM Fighting Crabrawler
44%
8 SwSh Poison/Dark Drapion
44%
208 DPP(Swarm) Normal Dunsparce
44%
8 SwSh Ghost Dusclops
44%
8 SwSh Ice Galarian Darumaka
44%
208 DPP Water Golduck
44%
8 USUM(Ally) Water/Electric Lanturn
44%
8 XY Water Luvdisc
44%
8 SM(Isl.Scan) Electric Luxio
44%
8 XY Fighting Mienfoo
44%
208 DPP Water Psyduck
44%
8 XY Water/Poison Qwilfish
44%
8 SwSh Ground/Rock Rhyhorn
44%
8 SwSh Ice Snorunt
44%
8 X Water Staryu
44%
8 SwSh Ice Vanillish
44%
8 SM Normal Yungoos
44%
8 SM Water Finneon
33%
8 USUM(Ally) Normal Gumshoos
33%
8 SwSh Fighting Gurdurr
33%
8 USUM(Ally) Water Octillery
33%
8 USUM Water Remoraid
33%
8 SwSh Ground Sandaconda
33%
8 SwSh Fighting Sawk
33%
208 Pt(Radar) Normal Smeargle
33%
8 XY Psychic Spoink
33%
8 SwSh Fighting Throh
33%
8 SwSh Rock Boldore
22%
8 SwSh Ground Hippowdon
22%
8 XY Normal/Flying Taillow
22%
No matching quizzes found
Score Distribution
Percent of People with Each Score
Percentile by Number Answered
Your Score History
You have not taken this quiz since the last reset